000 00228nam a22000857a 4500
999 _c516444
_d516444
100 _aShrichandra
_922940
245 _aAarsi Prasad Singh vyaktitva and krititva
_cby Shrichandra
260 _aNew Delhi
_bS.P.M.
_c2012
300 _a151p.